Statistics for Top 50 Most Streamed Megadeth Songs

Click here to take the quiz!

General Stats

  • This quiz has been taken 40 times
  • The average score is 20 of 50

Answer Stats

YearStreamedSong% Correct
198654,498,453Peace Sells
94%
199068,737,917Hangar 18
91%
1990123,528,470Holy Wars...The Punishment Due
88%
199095,225,139Tornado Of Souls
88%
1992257,272,852Symphony Of Destruction
85%
199014,892,564Rust In Peace...Polaris
79%
199496,045,649A Tout Le Monde
76%
198841,221,483In My Darkest Hour
70%
199244,092,260Sweating Bullets
70%
199012,768,306Five Magics
67%
199212,190,020Countdown To Extinction
64%
199019,515,826Take No Prisoners
64%
199220,533,539Skin O' My Teeth
61%
199730,423,110Trust
61%
19909,589,029Lucretia
58%
19859,754,966Mechanix
55%
199538,458,010Angry Again
52%
201625,421,868Dystopia
52%
199720,131,052She-Wolf
52%
198613,862,793Wake Up Dead
52%
19906,990,486Dawn Patrol
48%
19907,593,715Poison Was The Cure
42%
19866,774,164The Conjuring
39%
19946,672,654Youthanasia
39%
199414,124,544Train Of Consequences
36%
19929,348,189Foreclosure Of A Dream
30%
19856,782,530Killing Is My Business....And Business Is Good!
30%
199526,475,480Paranoid
30%
19866,858,721Devil's Island
27%
19949,783,356Reckoning Day
27%
199411,143,332Addicted To Chaos
24%
19975,486,656Almost Honest
24%
200120,788,698Promises
24%
202210,835,156We'll Be Back
24%
20008,655,616Dread And The Fugitive Mind
21%
19955,725,98999 Ways To Die
18%
19885,421,944Anarchy In The U.K
18%
19928,119,248Architecture Of Aggression
18%
20166,762,265Post American World
18%
201613,533,246The Threat Is Real
18%
201610,624,737Fatal Illusion
12%
20008,884,580Kill The King
12%
20168,016,981Poisonous Shadows
12%
20119,263,657Public Enemy No. 1
12%
19925,336,381This Was My Life
12%
19947,983,628The Killing Road
9%
201611,496,827Conquer Or Die
6%
20117,266,951Sudden Death
6%
20095,447,254Dialectic Chaos
3%
19995,442,168Duke Nukem
3%

Score Distribution

Percentile by Number Answered

Percent of People with Each Score

Your Score History

You have not taken this quiz